00560nam a22001817a 450000500170000001000270001702000260004403500130007003500140008303700130009708200150011010000190012524500920014426000290023627000550026530000190032050000390033920230317125628.0 aENG-136301 ENG-115748 a9789384002725c850.00 aEN-99280 aEN-119833 bDBAD/PUB a791.437092 aDasgupta,Tamal aUnderstanding screenplays of Satyajit Ray :bthe art of adaptation /cBy Tamal Dasgupta aKolkatab Gangchilc2012 aMatir Bari,Onkar Park,Ghola BazarbKolkatae700111 a86p.c21cm(Hb) aIncludes bibliographical referenes